[Event "34 Open Internacional Ciudad de San Seba"]
[Site "Donostia-San Sebastian"]
[Date "2011.04.22"]
[Round "8"]
[White "Santos Etxepare, Agustin"]
[Black "Garrido Fernandez, Sergio"]
[Result "1-0"]
[WhiteElo "1575"]
[BlackElo "1495"]
[PlyCount "97"]
[EventDate "2011.04.16"]
[EventRounds "9"]
[EventCountry "ESP"]

1. d4 d5 2. Nf3 Nf6 3. Bf4 Bf5 4. g3 e6 5. Bg2 Bd6 6. Bg5 Nbd7 7. O-O O-O 8.
Re1 h6 9. Bxf6 Qxf6 10. Nbd2 c6 11. e4 dxe4 12. Nxe4 Qe7 13. Nxd6 Qxd6 14. c3
Nb6 15. b3 Rad8 16. Qd2 f6 17. a4 Rd7 18. a5 Nc8 19. Qe3 Re8 20. Nh4 Bh7 21.
Be4 Rde7 22. Bxh7+ Kxh7 23. Qd3+ f5 24. Re5 g6 25. b4 a6 26. Rae1 Rf8 27. Qc4
Rf6 28. Qc5 Qxc5 29. bxc5 Kg7 30. Rb1 Kf7 31. c4 Rd7 32. Nf3 g5 33. Re2 Kg7 34.
Reb2 b6 35. cxb6 Rb7 36. c5 Ne7 37. Ne5 f4 38. Ng4 Rf5 39. Re1 h5 40. Ne5 Kf6
41. g4 hxg4 42. Nxg4+ Kg7 43. Rxe6 Rd5 44. Rbe2 Nf5 45. Rxc6 Rxd4 46. Rc7+ Rd7
47. Rxb7 Rxb7 48. c6 f3 49. Re5 1-0

[Event "34 Open Internacional Ciudad de San Seba"]
[Site "Donostia-San Sebastian"]
[Date "2011.04.22"]
[Round "8"]
[White "Abello, Sebastien"]
[Black "Suarez Garcia, Carlos"]
[Result "1/2-1/2"]
[WhiteElo "2337"]
[BlackElo "2177"]
[PlyCount "77"]
[EventDate "2011.04.16"]
[EventRounds "9"]
[EventCountry "ESP"]

1. d4 Nf6 2. c4 g6 3. g3 Bg7 4. Bg2 O-O 5. Nc3 d6 6. Nf3 Nbd7 7. O-O c6 8. b3
Re8 9. a4 Qa5 10. Qd2 Qb6 11. Qc2 a5 12. h3 e5 13. e3 Qc7 14. Ba3 exd4 15. exd4
Nf8 16. Nh4 Ne6 17. Nf3 Nf8 18. Qd2 Bf5 19. Rae1 Ne4 20. Nxe4 Bxe4 21. Ng5 Bxg2
22. Kxg2 Qb6 23. Bxd6 Qxb3 24. Rc1 Ne6 25. Nxe6 Rxe6 26. Bc5 Bf8 27. Bxf8 Kxf8
28. Qc2 Qxc2 29. Rxc2 Rd8 30. Rd1 Re4 31. d5 cxd5 32. cxd5 Rd6 33. Ra2 Re5 34.
Rad2 Re4 35. Ra2 Re5 36. Rad2 Re4 37. Rb2 Rxa4 38. Rxb7 Rb4 39. Rxb4 1/2-1/2

[Event "34 Open Internacional Ciudad de San Seba"]
[Site "Donostia-San Sebastian"]
[Date "2011.04.22"]
[Round "8"]
[White "Martin Alvarez, Inigo"]
[Black "Bas Mas, Jose Joaquin"]
[Result "1/2-1/2"]
[WhiteElo "2316"]
[BlackElo "2150"]
[PlyCount "150"]
[EventDate "2011.04.16"]
[EventRounds "9"]
[EventCountry "ESP"]

1. e4 e6 2. d4 d5 3. e5 c5 4. Nf3 Nc6 5. Bd3 cxd4 6. O-O f6 7. Bb5 Bd7 8. Bxc6
bxc6 9. Qxd4 Qb6 10. Qh4 Qb4 11. c4 Qxc4 12. Qxc4 dxc4 13. Nbd2 Ne7 14. Nxc4
Nd5 15. b3 Kf7 16. Ba3 a5 17. Bxf8 Rhxf8 18. Rfd1 Rfb8 19. Nb2 Ke7 20. Na4 Be8
21. Re1 f5 22. Rec1 Nb4 23. Nc5 Na6 24. Nd4 Nxc5 25. Rxc5 Ra6 26. a3 Rd8 27.
Rd1 h6 28. f4 g5 29. g3 Bh5 30. Rd2 gxf4 31. gxf4 Rg8+ 32. Kf2 Be8 33. h3 Bd7
34. Rdc2 Rb8 35. Rc1 Be8 36. Rg1 Kf7 37. Ke3 Rd8 38. Rc2 Rb6 39. Rcg2 Ke7 40.
Rg7+ Bf7 41. R1g6 c5 42. Nxf5+ Kf8 43. Nd6 Bxg6 44. Rxg6 Rxb3+ 45. Ke4 Ke7 46.
Rg7+ Kf8 47. Rf7+ Kg8 48. Re7 Rxa3 49. Rxe6 Ra4+ 50. Kf3 Rf8 51. f5 Rh4 52. Kg3
Rh5 53. f6 Rg5+ 54. Kf4 a4 55. Re7 Rg1 56. Ra7 Rf1+ 57. Ke4 R1xf6 58. exf6 Rxf6
59. Nf5 Rb6 60. Rxa4 Kh7 61. h4 Kg6 62. Ng3 Rb4+ 63. Rxb4 cxb4 64. Kf4 b3 65.
Ne4 b2 66. Nc3 Kf6 67. Kg4 Kg6 68. Kf4 Kf6 69. Nb1 Ke6 70. Kg4 Kf6 71. h5 Ke5
72. Nd2 Kd4 73. Kf4 Kd3 74. Nb1 Kc2 75. Na3+ Kb3 1/2-1/2

[Event "34 Open Internacional Ciudad de San Seba"]
[Site "Donostia-San Sebastian"]
[Date "2011.04.22"]
[Round "8"]
[White "Perez Calahorra, Ricardo"]
[Black "Piasetski, Leon"]
[Result "1-0"]
[WhiteElo "2117"]
[BlackElo "2299"]
[PlyCount "111"]
[EventDate "2011.04.16"]
[EventRounds "9"]
[EventCountry "ESP"]

1. e4 c5 2. c3 d6 3. d4 Nd7 4. Nf3 Qc7 5. Na3 Ngf6 6. Bd3 e6 7. Bf4 Nh5 8. Be3
a6 9. O-O g6 10. Ng5 h6 11. Nh3 b5 12. Rc1 Bb7 13. f4 Nhf6 14. Nf2 c4 15. Bb1
d5 16. e5 Bxa3 17. bxa3 Ne4 18. Bxe4 dxe4 19. Rc2 O-O-O 20. Re1 Nc5 21. Qg4 Nd3
22. Ree2 Qa5 23. Bc1 Qa4 24. Kf1 Rdg8 25. Qh3 Kb8 26. Ng4 g5 27. Nf6 gxf4 28.
Nxg8 Rxg8 29. Qxh6 f3 30. Red2 e3 31. Qxe3 fxg2+ 32. Kg1 Rg4 33. d5 exd5 34.
Qb6 Re4 35. Kxg2 Rxe5 36. Re2 Re6 37. Qd8+ Ka7 38. Kg3 Nxc1 39. Rxe6 fxe6 40.
Rxc1 Qxa3 41. Qg5 Qd6+ 42. Kg4 e5 43. Rf1 d4 44. a4 b4 45. cxb4 c3 46. b5 axb5
47. axb5 Kb6 48. Rf6 Qxf6 49. Qxf6+ Kxb5 50. Qxe5+ Kc4 51. Qc7+ Kd3 52. Qxb7 c2
53. Qb3+ Kd2 54. Qb4+ Ke2 55. Qxd4 c1=Q 56. Qe4+ 1-0

[Event "34 Open Internacional Ciudad de San Seba"]
[Site "Donostia-San Sebastian"]
[Date "2011.04.22"]
[Round "8"]
[White "Rabineau, Clement"]
[Black "Rabin, Evan Z"]
[Result "1-0"]
[WhiteElo "2291"]
[BlackElo "2035"]
[PlyCount "41"]
[EventDate "2011.04.16"]
[EventRounds "9"]
[EventCountry "ESP"]

1. Nf3 Nf6 2. d4 c5 3. Nc3 cxd4 4. Nxd4 e6 5. e4 d6 6. Be3 a6 7. f4 Qc7 8. Qf3
Nbd7 9. g4 h6 10. h4 Be7 11. g5 Ng8 12. g6 Nc5 13. gxf7+ Kxf7 14. f5 e5 15. Nd5
Qb8 16. Ne6 Nf6 17. Nxf6 Bxf6 18. Qh5+ Ke7 19. Nxc5 dxc5 20. Bxc5+ Kd7 21. Qf7+
1-0

[Event "34 Open Internacional Ciudad de San Seba"]
[Site "Donostia-San Sebastian"]
[Date "2011.04.22"]
[Round "8"]
[White "Argandona Riveiro, Inigo"]
[Black "Newrkla, Katharina"]
[Result "1-0"]
[WhiteElo "2389"]
[BlackElo "2055"]
[PlyCount "79"]
[EventDate "2011.04.16"]
[EventRounds "9"]
[EventCountry "ESP"]

1. Nf3 Nf6 2. c4 g6 3. Nc3 Bg7 4. e4 d6 5. d4 O-O 6. Be3 Ng4 7. Bg5 h6 8. Bh4
c5 9. dxc5 g5 10. Bg3 dxc5 11. Qxd8 Rxd8 12. Nd5 Nc6 13. O-O-O Rd7 14. Be2 e6
15. Nc3 Nge5 16. Nxe5 Nxe5 17. h4 Nc6 18. hxg5 hxg5 19. Rh5 Rxd1+ 20. Bxd1 f6
21. e5 Bd7 22. Ne4 f5 23. Nf6+ Bxf6 24. exf6 Be8 25. Rxg5+ Kf7 26. Bh5+ Kxf6
27. Bh4 Ke5 28. Rg8 Bxh5 29. Rxa8 Be2 30. b3 Bf1 31. Rg8 Nb4 32. a3 Nc6 33. Rg6
Nd4 34. Bf6+ Ke4 35. Bxd4 Kxd4 36. Kd2 e5 37. f3 e4 38. fxe4 Kxe4 39. Rg7 f4
40. Ke1 1-0

[Event "34 Open Internacional Ciudad de San Seba"]
[Site "Donostia-San Sebastian"]
[Date "2011.04.22"]
[Round "8"]
[White "Nyysti, Sampsa"]
[Black "Roldan Riaga, Roberto"]
[Result "1-0"]
[WhiteElo "2365"]
[BlackElo "2045"]
[PlyCount "37"]
[EventDate "2011.04.16"]
[EventRounds "9"]
[EventCountry "ESP"]

1. e4 e6 2. d4 d5 3. Nc3 Nf6 4. Bg5 Bb4 5. exd5 exd5 6. Qf3 Bxc3+ 7. bxc3 Be6
8. Bd3 Nbd7 9. Ne2 h6 10. Bh4 Qe7 11. Rb1 O-O-O 12. h3 g5 13. Bg3 Rhe8 14. c4
c6 15. c5 Ne4 16. Bxe4 dxe4 17. Qa3 a6 18. Bd6 Qf6 19. Qa5 1-0

[Event "34 Open Internacional Ciudad de San Seba"]
[Site "Donostia-San Sebastian"]
[Date "2011.04.22"]
[Round "8"]
[White "Segovia Sanchez, Antonio"]
[Black "Hernandez, Elvis"]
[Result "0-1"]
[WhiteElo "1996"]
[BlackElo "2276"]
[PlyCount "52"]
[EventDate "2011.04.16"]
[EventRounds "9"]
[EventCountry "ESP"]

1. d4 c5 2. e3 Nf6 3. Nf3 b6 4. Bd3 Bb7 5. Nbd2 g6 6. O-O Bg7 7. c3 O-O 8. a4
cxd4 9. exd4 Nc6 10. Re1 Rc8 11. Qe2 Qc7 12. Nb3 h6 13. Nh4 Rfe8 14. f4 e6 15.
Be3 d6 16. Nf3 e5 17. fxe5 dxe5 18. dxe5 Nxe5 19. Nxe5 Rxe5 20. Qf1 Rxe3 21.
Rxe3 Ng4 22. Rg3 h5 23. Nd4 Nxh2 24. Qe1 Be5 25. Re3 Ng4 26. Re2 Bxd4+ 0-1

[Event "34 Open Internacional Ciudad de San Seba"]
[Site "Donostia-San Sebastian"]
[Date "2011.04.22"]
[Round "8"]
[White "Miguelez Garcia, Erlantz"]
[Black "Prosviriakov, Vladimir"]
[Result "0-1"]
[WhiteElo "1957"]
[BlackElo "2254"]
[PlyCount "64"]
[EventDate "2011.04.16"]
[EventRounds "9"]
[EventCountry "ESP"]

1. c4 e5 2. Nc3 d6 3. g3 f5 4. Bg2 Nf6 5. d3 Be7 6. Bg5 O-O 7. e3 c6 8. Nge2 h6
9. Bxf6 Bxf6 10. Rb1 a5 11. O-O Be6 12. b3 Na6 13. d4 e4 14. d5 Bf7 15. dxc6
bxc6 16. Nd4 Qd7 17. Bh3 Be6 18. Qh5 Bxd4 19. exd4 d5 20. cxd5 cxd5 21. a3 Qe7
22. Nb5 Nc7 23. Nxc7 Qxc7 24. Rfc1 Qe7 25. b4 axb4 26. axb4 Ra2 27. Rc6 Bd7 28.
Rc5 e3 29. f3 e2 30. Re1 Qe3+ 31. Kg2 Qd2 32. Rcc1 Qxc1 0-1

[Event "34 Open Internacional Ciudad de San Seba"]
[Site "Donostia-San Sebastian"]
[Date "2011.04.22"]
[Round "8"]
[White "Both, Gert"]
[Black "Santos Latasa, Jaime"]
[Result "0-1"]
[WhiteElo "1944"]
[BlackElo "2227"]
[PlyCount "64"]
[EventDate "2011.04.16"]
[EventRounds "9"]
[EventCountry "ESP"]

1. c4 g6 2. Nc3 Bg7 3. g3 c5 4. Bg2 Nc6 5. e3 e5 6. Nge2 Nge7 7. O-O O-O 8. d3
d6 9. a3 a5 10. Nb5 Be6 11. Qc2 Rc8 12. Rb1 d5 13. b3 Qd7 14. Re1 f5 15. f4
Rfd8 16. fxe5 dxc4 17. dxc4 Nxe5 18. Nf4 Bf7 19. Bb2 Qd2 20. Qxd2 Rxd2 21. Bc3
Rd7 22. Bxa5 g5 23. Nh3 h6 24. Red1 Nd3 25. Nf2 Nc6 26. Bb6 Nce5 27. Nxd3 Nxd3
28. Na7 Re8 29. Nb5 Rxe3 30. Nc7 Bd4 31. Kf1 Bh5 32. Nd5 Be2+ 0-1

[Event "34 Open Internacional Ciudad de San Seba"]
[Site "Donostia-San Sebastian"]
[Date "2011.04.22"]
[Round "8"]
[White "Olaizola Ortega, Luis"]
[Black "Houweling, Bert"]
[Result "0-1"]
[WhiteElo "2206"]
[BlackElo "2027"]
[PlyCount "50"]
[EventDate "2011.04.16"]
[EventRounds "9"]
[EventCountry "ESP"]

1. d4 Nf6 2. Nf3 e6 3. e3 c5 4. Bd3 b6 5. O-O Bb7 6. c4 Be7 7. Nc3 cxd4 8. exd4
O-O 9. d5 h6 10. Be2 d6 11. dxe6 fxe6 12. Nd4 Qc8 13. Qd3 e5 14. Nf5 Nc6 15.
Nd5 Nxd5 16. Qxd5+ Kh8 17. Nxd6 Bxd6 18. Qxd6 Nd4 19. Qxe5 Qc6 20. f3 Nc2 21.
Bd3 Rae8 22. Qc3 Nxa1 23. Be4 Rxe4 24. fxe4 Rxf1+ 25. Kxf1 Qxe4 0-1

[Event "34 Open Internacional Ciudad de San Seba"]
[Site "Donostia-San Sebastian"]
[Date "2011.04.22"]
[Round "8"]
[White "Buiza Prieto, Aizbeltz"]
[Black "Aranaz Murillo, Amalia"]
[Result "0-1"]
[WhiteElo "1905"]
[BlackElo "2164"]
[PlyCount "90"]
[EventDate "2011.04.16"]
[EventRounds "9"]
[EventCountry "ESP"]

1. e4 c6 2. d4 d5 3. exd5 cxd5 4. Bd3 Nc6 5. c3 Qc7 6. Ne2 Bg4 7. f3 Bd7 8. Na3
a6 9. Bf4 e5 10. dxe5 Nxe5 11. Bxe5 Qxe5 12. Qb3 Bc6 13. O-O-O Bd6 14. Nc2 Ne7
15. Kb1 O-O 16. f4 Qf6 17. Rdf1 d4 18. Ncxd4 Bxg2 19. Rhg1 Bxf1 20. Rxf1 b5 21.
Ng3 Rad8 22. Rg1 g6 23. Ne4 Qh4 24. Qd1 Qxf4 25. Rf1 Qh6 26. Nf6+ Kh8 27. Qe2
Qg7 28. Kc2 Ng8 29. Nh5 Qe5 30. Qxe5+ Bxe5 31. Nc6 Rde8 32. Ng3 Bxg3 33. hxg3
f5 34. a4 bxa4 35. Bxa6 Re3 36. c4 Nf6 37. Bb5 Ra8 38. Nd4 Ne4 39. g4 a3 40.
bxa3 Raxa3 41. gxf5 Ra2+ 42. Kb1 Nc3+ 43. Kc1 Re4 44. fxg6 Rxd4 45. c5 Rdd2 0-1

[Event "34 Open Internacional Ciudad de San Seba"]
[Site "Donostia-San Sebastian"]
[Date "2011.04.22"]
[Round "8"]
[White "Pastor Pons, Pedro Maria"]
[Black "Sanz Rodero, Mikel"]
[Result "1-0"]
[WhiteElo "2156"]
[BlackElo "2011"]
[PlyCount "53"]
[EventDate "2011.04.16"]
[EventRounds "9"]
[EventCountry "ESP"]

1. e4 c5 2. Nc3 Nc6 3. g3 g6 4. Bg2 Bg7 5. Nge2 d6 6. O-O e6 7. d3 Nge7 8. Be3
Nd4 9. Qd2 O-O 10. f4 Rb8 11. Nd1 b5 12. c3 Nxe2+ 13. Qxe2 Qc7 14. d4 b4 15.
dxc5 dxc5 16. Qc4 bxc3 17. bxc3 Rb6 18. Qxc5 Rc6 19. Qxa7 Bb7 20. Rb1 Rb8 21.
Rf2 Ra6 22. Qc5 Rc6 23. Qb5 Rd8 24. e5 Ba6 25. Qb2 Bd3 26. Bb6 Qc8 27. Bxd8 1-0

[Event "34 Open Internacional Ciudad de San Seba"]
[Site "Donostia-San Sebastian"]
[Date "2011.04.22"]
[Round "8"]
[White "Verkasalo, Tommi"]
[Black "Severri Arrese, Carlos"]
[Result "1-0"]
[WhiteElo "2156"]
[BlackElo "2013"]
[PlyCount "59"]
[EventDate "2011.04.16"]
[EventRounds "9"]
[EventCountry "ESP"]

1. e4 g6 2. Nc3 d6 3. f4 Bg7 4. Nf3 c6 5. d4 d5 6. e5 Nh6 7. Be3 Bg4 8. Bd3 Nd7
9. h3 Bxf3 10. Qxf3 e6 11. g4 Qb6 12. O-O Qxb2 13. Ne2 Qa3 14. Rab1 b5 15. f5
exf5 16. gxf5 Nxf5 17. Bxf5 gxf5 18. Rb3 Qe7 19. Ng3 Rg8 20. Nxf5 Qe6 21. Nd6+
Kd8 22. Kh1 f6 23. Rc3 Nb8 24. Nb7+ Kc7 25. Nc5 Qc8 26. e6 Kb6 27. a4 a6 28.
Ra1 Bf8 29. axb5 cxb5 30. Na4+ 1-0

[Event "34 Open Internacional Ciudad de San Seba"]
[Site "Donostia-San Sebastian"]
[Date "2011.04.22"]
[Round "8"]
[White "Torres Ganuza, Fco  Javier"]
[Black "Lopez Heras, Arturo"]
[Result "1-0"]
[WhiteElo "2120"]
[BlackElo "2002"]
[PlyCount "35"]
[EventDate "2011.04.16"]
[EventRounds "9"]
[EventCountry "ESP"]

1. d4 Nf6 2. Nf3 g6 3. c4 Bg7 4. Nc3 d5 5. Qb3 dxc4 6. Qxc4 O-O 7. e4 c6 8. Be2
Nbd7 9. O-O Nb6 10. Qd3 Be6 11. Rd1 Qc7 12. Bg5 Rad8 13. Rac1 Nc4 14. Qc2 Qa5
15. e5 Nd5 16. Bxc4 Nb4 17. Qb3 Bf5 18. Bxe7 1-0

[Event "34 Open Internacional Ciudad de San Seba"]
[Site "Donostia-San Sebastian"]
[Date "2011.04.22"]
[Round "8"]
[White "Perez Cameselle, Francisco"]
[Black "Baekelant, Eva"]
[Result "0-1"]
[WhiteElo "1907"]
[BlackElo "2103"]
[PlyCount "94"]
[EventDate "2011.04.16"]
[EventRounds "9"]
[EventCountry "ESP"]

1. e4 e6 2. d3 d5 3. Nd2 c5 4. Ngf3 Nc6 5. g3 Bd6 6. Bg2 Nge7 7. O-O O-O 8. Qe2
Qc7 9. c3 Bd7 10. Re1 f6 11. Nf1 b5 12. exd5 exd5 13. d4 b4 14. dxc5 Bxc5 15.
Bf4 Qb6 16. Be3 bxc3 17. bxc3 Qa5 18. Bxc5 Qxc5 19. Qd2 Bg4 20. Ne3 Bxf3 21.
Bxf3 Ne5 22. Bg2 Rad8 23. Qd4 Qa5 24. Red1 Kh8 25. Rab1 Qxa2 26. Ra1 Qb2 27.
Qxa7 N7c6 28. Qa3 Qe2 29. Rxd5 Nf3+ 30. Bxf3 Qxf3 31. Rad1 Ra8 32. Qc5 Ne5 33.
R5d4 Qe2 34. Rd5 Rg8 35. Qb5 Qf3 36. R5d2 Qe4 37. Rb2 Nf3+ 38. Kf1 Nh4 39. Kg1
Nf3+ 40. Kf1 Ne5 41. Qd5 Qa4 42. Kg2 h6 43. Rd4 Qa1 44. Qb3 Rab8 45. Rb4 Qa8+
46. Rb7 Nd3 47. Ra2 Qxb7+ 0-1

[Event "34 Open Internacional Ciudad de San Seba"]
[Site "Donostia-San Sebastian"]
[Date "2011.04.22"]
[Round "8"]
[White "Richet, Clement"]
[Black "Trepat Herranz, Joan"]
[Result "0-1"]
[WhiteElo "1901"]
[BlackElo "2343"]
[PlyCount "66"]
[EventDate "2011.04.16"]
[EventRounds "9"]
[EventCountry "ESP"]

1. d4 f5 2. g3 Nf6 3. Bg2 g6 4. Nf3 Bg7 5. O-O O-O 6. c4 d6 7. Nc3 Qe8 8. e4
fxe4 9. Ng5 Nc6 10. Be3 e5 11. d5 Ne7 12. Ngxe4 Nxe4 13. Nxe4 Nf5 14. c5 Nxe3
15. fxe3 Qe7 16. cxd6 cxd6 17. Rc1 Bf5 18. Rc3 h5 19. Qd2 Rf7 20. Rfc1 Bxe4 21.
Bxe4 Qg5 22. Qd3 Kh7 23. Rc7 Raf8 24. Rxf7 Rxf7 25. Rf1 Rc7 26. Kg2 h4 27. Rf3
a6 28. a4 Bf6 29. Qf1 Kg7 30. Kh1 Qg4 31. Bb1 Rc1 32. Qxc1 Qxf3+ 33. Kg1 Bg5
0-1

[Event "34 Open Internacional Ciudad de San Seba"]
[Site "Donostia-San Sebastian"]
[Date "2011.04.22"]
[Round "8"]
[White "Fernandez Garcia, Javier"]
[Black "Guijarro Galan, Jose Luis"]
[Result "0-1"]
[WhiteElo "1976"]
[BlackElo "2206"]
[PlyCount "52"]
[EventDate "2011.04.16"]
[EventRounds "9"]
[EventCountry "ESP"]

1. d4 e6 2. Nf3 d5 3. e3 c6 4. Ne5 Nd7 5. f4 Nxe5 6. fxe5 Qh4+ 7. g3 Qe4 8. Rg1
Qg6 9. Bd3 Qg5 10. e4 Qd8 11. Rf1 dxe4 12. Bxe4 f5 13. Bg2 Qb6 14. c4 Bd7 15.
b3 Bb4+ 16. Kf2 O-O-O 17. Bb2 Be8 18. Qd3 Nh6 19. Nd2 Ng4+ 20. Kg1 Nxe5 21. Qe3
Ng4 22. Qxe6+ Bd7 23. Qe2 Rhe8 24. Qd3 Re3 25. Qc2 Re2 26. Bc3 Rxg2+ 0-1

[Event "34 Open Internacional Ciudad de San Seba"]
[Site "Donostia-San Sebastian"]
[Date "2011.04.22"]
[Round "8"]
[White "Baron, Romuald"]
[Black "Gorshkova, Irina"]
[Result "1-0"]
[WhiteElo "1950"]
[BlackElo "2166"]
[PlyCount "73"]
[EventDate "2011.04.16"]
[EventRounds "9"]
[EventCountry "ESP"]

1. e4 e5 2. Nf3 Nf6 3. d4 Nxe4 4. Bd3 d5 5. dxe5 Be7 6. O-O O-O 7. Nc3 Nc5 8.
Nxd5 Nxd3 9. Qxd3 Nc6 10. Nxe7+ Qxe7 11. Ng5 g6 12. Qg3 Qxe5 13. Qh4 h5 14. Ne4
Bf5 15. Re1 Bxe4 16. Rxe4 Qd5 17. Bh6 Rfd8 18. Rae1 Kh7 19. Bg5 Re8 20. h3 Rxe4
21. Rxe4 Qxa2 22. g4 Qd5 23. gxh5 Qd1+ 24. Kg2 gxh5 25. f3 Kg6 26. Be3 Qxc2+
27. Kg3 f6 28. Qf4 Rh8 29. Kh4 Qg2 30. Re6 Qxb2 31. Qe4+ Kf7 32. Qd5 Kg6 33. f4
Ne5 34. fxe5 Qb4+ 35. Kg3 Qe1+ 36. Bf2 h4+ 37. Kg2 1-0

[Event "34 Open Internacional Ciudad de San Seba"]
[Site "Donostia-San Sebastian"]
[Date "2011.04.22"]
[Round "8"]
[White "Aranaz Portugues, Jose Carlos"]
[Black "Regillaga Otano, Jon"]
[Result "1/2-1/2"]
[WhiteElo "2130"]
[BlackElo "1893"]
[PlyCount "113"]
[EventDate "2011.04.16"]
[EventRounds "9"]
[EventCountry "ESP"]

1. d4 f5 2. e4 fxe4 3. Nc3 Nf6 4. Bg5 Nc6 5. f3 d5 6. Bb5 Bf5 7. Qd2 e6 8.
O-O-O a6 9. Bxc6+ bxc6 10. g4 Bg6 11. fxe4 dxe4 12. h4 Be7 13. h5 Bf7 14. Bxf6
Bxf6 15. Nxe4 Be7 16. Nf3 Qd5 17. Qd3 Qxa2 18. Nc3 Qa1+ 19. Kd2 Qxb2 20. Ra1
Bb4 21. Rhb1 Qxc3+ 22. Qxc3 Bxc3+ 23. Kxc3 O-O 24. Ne5 c5 25. Nd7 cxd4+ 26. Kd3
Rfd8 27. Ne5 Be8 28. Rb7 Bb5+ 29. Kd2 Rdc8 30. g5 Rf8 31. Rg1 Rf2+ 32. Kc1 Rf1+
33. Rxf1 Bxf1 34. Rxc7 Bb5 35. h6 gxh6 36. gxh6 Be8 37. Nf3 Rd8 38. Rg7+ Kh8
39. Ra7 Bg6 40. Nxd4 e5 41. Nc6 Rc8 42. Rxa6 Be4 43. Nb4 Bg6 44. Kd2 Kg8 45.
Ra7 Kf8 46. c3 e4 47. Nc2 Rc5 48. Nd4 Rh5 49. Ne6+ Kg8 50. Rg7+ Kh8 51. Re7
Rxh6 52. c4 Bf7 53. Ng5 Bxc4 54. Rxe4 Bg8 55. Re7 Rg6 56. Nf3 Rd6+ 57. Kc3
1/2-1/2

[Event "34 Open Internacional Ciudad de San Seba"]
[Site "Donostia-San Sebastian"]
[Date "2011.04.22"]
[Round "8"]
[White "Arana Garate, Jon"]
[Black "Navarrete Espi, Samuel"]
[Result "0-1"]
[WhiteElo "1924"]
[BlackElo "2127"]
[PlyCount "79"]
[EventDate "2011.04.16"]
[EventRounds "9"]
[EventCountry "ESP"]

1. d4 Nf6 2. c4 g6 3. Nc3 Bg7 4. e4 d6 5. f3 O-O 6. Be3 Nc6 7. Qd2 a6 8. Nge2
Rb8 9. Nc1 e5 10. d5 Nd4 11. Nb3 c5 12. dxc6 bxc6 13. Nxd4 exd4 14. Bxd4 Re8
15. Be2 d5 16. cxd5 Rb4 17. Bc5 Nxe4 18. fxe4 Bxc3 19. Qxc3 Rbxe4 20. O-O Rxe2
21. Qf3 Qxd5 22. Qxd5 cxd5 23. Bd4 R8e4 24. Rf2 Bf5 25. Rd1 h5 26. Bf6 Rxf2 27.
Kxf2 Bg4 28. Rf1 d4 29. h3 Be2 30. Re1 d3 31. Bc3 h4 32. Bd2 f5 33. Rc1 f4 34.
Re1 Kh7 35. Rc1 Kh6 36. a3 Kh5 37. Rc5+ g5 38. b3 Bd1 39. Kg1 Bxb3 40. Ra5 {
Ilegible} 0-1

[Event "34 Open Internacional Ciudad de San Seba"]
[Site "Donostia-San Sebastian"]
[Date "2011.04.22"]
[Round "8"]
[White "Diaz Herrero, Alvaro"]
[Black "Iglesias Gonzalez, Veronica"]
[Result "1-0"]
[WhiteElo "2126"]
[BlackElo "1785"]
[PlyCount "67"]
[EventDate "2011.04.16"]
[EventRounds "9"]
[EventCountry "ESP"]

1. e4 e5 2. Nf3 d6 3. d4 exd4 4. Nxd4 Nf6 5. Nc3 c5 6. Nde2 Nc6 7. g3 Be6 8.
Bg2 Be7 9. O-O O-O 10. h3 Qd7 11. Nf4 Rad8 12. Kh2 Ne5 13. b3 Ng6 14. Nfd5 h6
15. Bb2 b5 16. f4 Bxd5 17. Nxd5 Nh7 18. Qh5 Nh8 19. Rae1 f6 20. h4 f5 21. Bh3
Nf6 22. Qxf5 Qb7 23. Qe6+ Rf7 24. Nxf6+ gxf6 25. Bg4 Kh7 26. h5 d5 27. e5 d4
28. Qf5+ Kg7 29. e6 Rff8 30. Bf3 Qa6 31. Be4 Rg8 32. Qh7+ Kf8 33. Qxh6+ Ke8 34.
Bh7 1-0

[Event "34 Open Internacional Ciudad de San Seba"]
[Site "Donostia-San Sebastian"]
[Date "2011.04.23"]
[Round "9"]
[White "Moreno Ruiz, Javier"]
[Black "Pap, Misa"]
[Result "1/2-1/2"]
[WhiteElo "2527"]
[BlackElo "2496"]
[PlyCount "21"]
[EventDate "2011.04.16"]
[EventRounds "9"]
[EventCountry "ESP"]

1. d4 Nf6 2. c4 c5 3. d5 b5 4. cxb5 a6 5. bxa6 Bxa6 6. Nc3 d6 7. g3 g6 8. Bg2
Bg7 9. Nf3 O-O 10. O-O Nbd7 11. Rb1 1/2-1/2

[Event "34 Open Internacional Ciudad de San Seba"]
[Site "Donostia-San Sebastian"]
[Date "2011.04.23"]
[Round "9"]
[White "Collins, Sam E"]
[Black "Venkatesh, M R."]
[Result "1/2-1/2"]
[WhiteElo "2426"]
[BlackElo "2455"]
[PlyCount "25"]
[EventDate "2011.04.16"]
[EventRounds "9"]
[EventCountry "ESP"]

1. e4 c5 2. Nf3 Nc6 3. c3 Nf6 4. e5 Nd5 5. d4 cxd4 6. cxd4 d6 7. Bc4 Nb6 8. Bb3
d5 9. Nh4 e6 10. Nf3 Be7 11. O-O Bd7 12. Nc3 Rc8 13. Ne1 1/2-1/2

[Event "34 Open Internacional Ciudad de San Seba"]
[Site "Donostia-San Sebastian"]
[Date "2011.04.23"]
[Round "9"]
[White "Elsness, Frode"]
[Black "Sebenik, Matej"]
[Result "1-0"]
[WhiteElo "2484"]
[BlackElo "2530"]
[PlyCount "101"]
[EventDate "2011.04.16"]
[EventRounds "9"]
[EventCountry "ESP"]

1. d4 d5 2. c4 dxc4 3. e3 e5 4. Bxc4 exd4 5. exd4 Bd6 6. Nf3 Nf6 7. O-O O-O 8.
Nc3 Nc6 9. h3 h6 10. Be3 Bf5 11. Re1 a6 12. Nh4 Bh7 13. a3 b5 14. Ba2 b4 15.
axb4 Nxb4 16. Bb1 Bxb1 17. Rxb1 Re8 18. Nf5 Bf8 19. Qf3 Kh7 20. Bf4 g6 21. Be5
Nd7 22. Ne4 Re6 23. Nxh6 Nxe5 24. dxe5 Kxh6 25. Rbd1 Qe8 26. Nf6 Qc6 27. Re4
Kg7 28. Rh4 Rxf6 29. exf6+ Kg8 30. Qxc6 Nxc6 31. Rc4 Nd8 32. Rxc7 Ne6 33. Rb7
Rc8 34. b4 Rc4 35. Rdd7 Rxb4 36. Rxf7 a5 37. g3 g5 38. Kg2 a4 39. Rxb4 Bxb4 40.
Ra7 a3 41. Kf3 Bc5 42. Ra6 Kf7 43. Ke4 Bf8 44. Kf5 Nd4+ 45. Kxg5 Ne6+ 46. Kf5
Nd4+ 47. Ke5 Nb5 48. Ra5 Nc3 49. Kf5 a2 50. Ra7+ Kg8 51. Kg6 1-0

[Event "34 Open Internacional Ciudad de San Seba"]
[Site "Donostia-San Sebastian"]
[Date "2011.04.23"]
[Round "9"]
[White "Alvarez Pedraza, Aramis"]
[Black "Kalegin, Evgenij"]
[Result "1/2-1/2"]
[WhiteElo "2515"]
[BlackElo "2473"]
[PlyCount "81"]
[EventDate "2011.04.16"]
[EventRounds "9"]
[EventCountry "ESP"]

1. d4 d6 2. e4 a6 3. g3 g6 4. Bg2 Bg7 5. Ne2 Nf6 6. O-O O-O 7. Nbc3 e5 8. dxe5
dxe5 9. Qxd8 Rxd8 10. Bg5 c6 11. Rad1 Re8 12. Nc1 Be6 13. Nb3 Nbd7 14. Na5 Rab8
15. f4 h6 16. Bxf6 Nxf6 17. f5 Bc8 18. Rd6 gxf5 19. exf5 e4 20. h3 h5 21. Nb3
e3 22. Ne2 Nd7 23. g4 hxg4 24. hxg4 Ne5 25. Rd4 b6 26. g5 c5 27. Rh4 Bb7 28.
Bxb7 Rxb7 29. Kg2 Rd7 30. Re4 Rdd8 31. Rh1 Nc6 32. Rg4 Rd2 33. Nxd2 exd2 34.
Kf2 Bd4+ 35. Nxd4 Nxd4 36. Rd1 Re2+ 37. Kf1 Rh2 38. Rg2 Rh1+ 39. Rg1 Rh2 40.
Rg2 Rh1+ 41. Rg1 1/2-1/2

[Event "34 Open Internacional Ciudad de San Seba"]
[Site "Donostia-San Sebastian"]
[Date "2011.04.23"]
[Round "9"]
[White "Hansen, Torbjorn Ringdal"]
[Black "San Segundo Carrillo, Pablo"]
[Result "1/2-1/2"]
[WhiteElo "2459"]
[BlackElo "2513"]
[PlyCount "35"]
[EventDate "2011.04.16"]
[EventRounds "9"]
[EventCountry "ESP"]

1. e4 c5 2. Nf3 Nc6 3. d4 cxd4 4. Nxd4 Nf6 5. Nc3 e5 6. Ndb5 d6 7. Bg5 a6 8.
Na3 b5 9. Nd5 Be7 10. Bxf6 Bxf6 11. c4 b4 12. Nc2 O-O 13. Be2 a5 14. O-O Bg5
15. Qd3 Be6 16. Rfd1 Qb8 17. Nde3 Bxe3 18. Qxe3 1/2-1/2